Music Quiz

Random Music or Kpop Quiz
Score 0/184 Timer 10:00
0 Plays Today
Sung By.. Word % Correct
JEEWONYou
95.8%
ALLI
95.8%
ALLI
95.8%
ALLI
95.8%
ALLI
95.8%
JEEWONA
91.7%
ALLNu
87.5%
ALLNa
87.5%
ALLNa
87.5%
ALLNa
87.5%
ALLNa
87.5%
ALLNa
87.5%
ALLNa
87.5%
ALLNu
87.5%
ALLNa
87.5%
ALLNa
87.5%
ALLNa
87.5%
ALLNu
87.5%
ALLNa
87.5%
ALLNa
87.5%
ALLNa
87.5%
ALLNa
87.5%
ALLNa
87.5%
ALLNa
87.5%
ALLNu
87.5%
ALLNa
87.5%
ALLNa
87.5%
ALLNa
87.5%
SUNNSo
87.5%
ALLNu
87.5%
ALLNa
87.5%
ALLNa
87.5%
ALLNa
87.5%
ALLNa
87.5%
ALLNa
87.5%
ALLNa
87.5%
ALLNu
87.5%
ALLNa
87.5%
ALLNa
87.5%
ALLNa
87.5%
ALLNu
87.5%
ALLNa
87.5%
ALLNa
87.5%
ALLNa
87.5%
ALLNa
87.5%
ALLNa
87.5%
ALLNa
87.5%
ALLNu
87.5%
ALLNa
87.5%
ALLNa
87.5%
ALLNa
87.5%
ALLNu
87.5%
ALLNa
87.5%
ALLNa
87.5%
ALLNa
87.5%
ALLNa
87.5%
ALLNa
87.5%
ALLNa
87.5%
ALLNu
87.5%
ALLNa
87.5%
ALLNa
87.5%
ALLNa
87.5%
Sung By.. Word % Correct
ALLNu
87.5%
ALLNa
87.5%
ALLNa
87.5%
ALLNa
87.5%
ALLNa
87.5%
ALLNa
87.5%
ALLNa
87.5%
ALLNu
87.5%
ALLNa
87.5%
ALLNa
87.5%
ALLNa
87.5%
ALLNun
83.3%
ALLNun
83.3%
ALLNun
83.3%
ALLNun
83.3%
SUNNMe
83.3%
ALLNun
83.3%
ALLNun
83.3%
ALLNun
83.3%
ALLNun
83.3%
JEEWONMe
83.3%
JEEWONMe
83.3%
ALLNun
83.3%
ALLNun
83.3%
ALLNun
83.3%
ALLNun
83.3%
JEEWONWe
79.2%
JEEWONMake
79.2%
JEEWONFeel
79.2%
JEEWONSpecial
79.2%
YE-AHMake
79.2%
ALLMake
79.2%
JEEWONMake
79.2%
JEEWONSpecial
79.2%
JEEWONGo
79.2%
JEEWONGonna
75%
JEEWONSomething
75%
CHAESOLGoin’
75%
SUNNBaby
75%
SUNNBaby
75%
CHAESOLGoin’
75%
SUNNBaby
75%
JEEWONLike
70.8%
YE-AHOh
70.8%
YE-AHOh
70.8%
YE-AHIt
70.8%
ALLIt
70.8%
JEEWONIt
70.8%
JEEWONBomb
66.7%
YE-AHPop
66.7%
ALLHey
66.7%
ALLHey
66.7%
ALLHey
66.7%
ALLPop
66.7%
ALLHey
66.7%
SUNNHey
66.7%
SUNNI’m
66.7%
JEEWONPow
62.5%
JEEWONPow
62.5%
CHAESOLCrazy
62.5%
BELLENo
62.5%
SUNNPow
62.5%
Sung By.. Word % Correct
SUNNPow
62.5%
SUNNPow
62.5%
SUNNPow
62.5%
CHAESOLCrazy
62.5%
YE-AHNo
62.5%
SUNNPow
62.5%
SUNNPow
62.5%
SUNNPow
62.5%
SUNNPow
62.5%
CHAESOLWe’re
58.3%
CHAESOLWe’re
58.3%
JEEWONAyo
54.2%
YE-AHRomeo
54.2%
BELLEMayday
54.2%
BELLEMayday
54.2%
SEMIYa
54.2%
SEMIYa
54.2%
SEMIMayday
54.2%
SEMIMayday
54.2%
BELLEYa
54.2%
BELLEYa
54.2%
SUNNNot
50%
JEEWONLet
50%
JEEWONLet
50%
YE-AHEh
45.8%
YE-AHEh
45.8%
SEMIJAVIS
45.8%
SUNNEasy
45.8%
SUNNCatch
45.8%
BELLEJAVIS
45.8%
ALLDo
45.8%
ALLWhat
45.8%
ALLDo
45.8%
ALLDo
45.8%
ALLDo
45.8%
ALLWhat
45.8%
ALLDo
45.8%
ALLDo
45.8%
BELLEBAE
41.7%
BELLEBAE
41.7%
YE-AHBAE
41.7%
YE-AHBAE
41.7%
BELLEDon’t
41.7%
SELINEJump
41.7%
SELINEJump
41.7%
CHAESOLVroom
37.5%
CHAESOLVroom
37.5%
BELLEWoo
37.5%
BELLEWoo
37.5%
SEMIWoo
37.5%
SEMIWoo
37.5%
CHAESOLVroom
37.5%
CHAESOLVroom
37.5%
YE-AHWoo
37.5%
YE-AHWoo
37.5%
BELLEWoo
37.5%
BELLEWoo
37.5%
BELLEWorry
37.5%
ALLWanna
37.5%
ALLWanna
37.5%
Remove Ads.
Support Sporcle.
Get the best of Sporcle when you Go Orange. This ad-free experience offers more features, more stats, and more fun while also helping to support Sporcle. Thank you for becoming a member.

You're not logged in!

Compare scores with friends on all Sporcle quizzes.
OR
Log In

Sporcle TV

Today on Sporcle TV


Watch our educational content, quiz creation guides, and fun videos on Sporcle TV.

Show Comments

Extras

Top Quizzes Today


Score Distribution

Paid Content

Your Account Isn't Verified!

In order to create a playlist on Sporcle, you need to verify the email address you used during registration. Go to your Sporcle Settings to finish the process.

Report this User

Report this user for behavior that violates our Community Guidelines.

Details: